000 00240nam a22000857a 4500
008 161013b xxu||||| |||| 00| 0 eng d
100 _9824
_aSpark
245 _aNo Fear Shakespeare:The Comedy of Errors
260 _aNewYork
_bSpark Publications
_c2005
999 _c3477
_d3477